Les communes de France Quiz #1 - Statistiques

Statistiques générales
  • Ce quiz a été pris 147 fois
  • Le résultat moyen est 13 sur 15
Statistiques - réponses
Nom de la commune Nom du département où elle se situe % Correct
Ajaccio Corse-du-Sud
98%
Tourcoing Nord
94%
Arras Pas-de-Calais
89%
Avignon Vaucluse
88%
Versailles Yvelines
88%
Perpignan Pyrénées-Orientales
87%
Besançon Doubs
85%
Orléans Loiret
85%
Nanterre Hauts-de-Seine
82%
Valence Drôme
81%
Poitiers Vienne
81%
Tours Indre-et-Loire
80%
Montreuil Seine-Saint-Denis
79%
Bergerac Dordogne
74%
Montauban Tarn-et-Garonne
69%
Aucun quiz correspondant
Distribution des résultats
% des personnes avec chaque résultat
Percentile par nombre de réponses
Votre historique - résultats
Vous n’avez pas pris ce quiz